| 000 | 01267cam a2200397 a 4500 | ||
|---|---|---|---|
| 001 | 5667 | ||
| 003 | FISKH | ||
| 005 | 20250110085238.0 | ||
| 008 | 070511s2007 nyua b 000 1 eng | ||
| 010 | _a 2007015749 | ||
| 020 | _a9781416909576 (pbk.) | ||
| 020 | _a1416909575 (pbk.) | ||
| 020 | _a9781416925620 (library binding) | ||
| 020 | _a1416925627 (library binding) | ||
| 040 |
_aDLC _cDLC _dDLC _beng |
||
| 050 | _aPZ8.H74 | ||
| 082 | _a567 | ||
| 100 | 1 | _aHolub, Joan. | |
| 245 | 1 | 0 |
_aBig heart! : _ba Valentine's Day story / _cby Joan Holub ; illustrated by Will Terry. |
| 260 |
_aNew York : _bAladdin, _c2007. |
||
| 300 |
_a22 unnumbered pages : _bcolor illustrations ; _c23 cm |
||
| 490 | 0 | _aReady-to-read | |
| 505 | _aE | ||
| 520 | _aYoung ants are hard at work in their classroom making a big valentine, but then they must decide on the recipient. | ||
| 521 | 8 |
_a230
_bLexile |
|
| 521 | 8 |
_aE
_bRaz-Plus |
|
| 650 | 1 |
_aValentines _vFiction. |
|
| 650 | 1 |
_aValentine's Day _vFiction. |
|
| 650 | 1 |
_aSchools _vFiction. |
|
| 650 | 1 |
_aAnts _vFiction. |
|
| 650 | 1 | _aStories in rhyme. | |
| 700 | 1 |
_aTerry, Will, _d1966- _eillustrator |
|
| 906 |
_a7 _bcbc _corignew _d1 _eecip _f20 _gy-gencatlg |
||
| 942 |
_2ddc _cBK _n0 |
||
| 999 |
_c5667 _d5667 |
||